| 000 | 01019cam a2200229 4500 | ||
|---|---|---|---|
| 001 | ABS66350 | ||
| 008 | 030207n2003 000 0 eng u | ||
| 035 | _a(Sirsi) u121268 | ||
| 100 | _aCarey, T. | ||
| 245 | _aHomes to get London to work | ||
| 260 | _c2003 | ||
| 490 |
_aEstates Gazette _v(0301) 4 January 2003, 56-58(3) |
||
| 520 | _aArgues for the need to speed up the supply of affordable homes for London key workers to maintain London's economic role. Looks at the spatial development strategy (the mayor's "London plan") and government policy both of which acknowledge that private sector investment is needed to deliver the homes. Details the House Builders Federation's (HBF) recipe for fast-track planning and suggests 10 ways of speeding up construction. | ||
| 590 | _aABS | ||
| 650 | _aLONDON | ||
| 650 | _aSPATIAL DEVELOPMENT STRATEGY | ||
| 650 | _aURBAN DEVELOPMENT CORPORATIONS | ||
| 650 | _aBROWNFIELD DEVELOPMENT | ||
| 650 | _aLONDON PLAN | ||
| 690 | _aHOUSING-DEVELOPMENT | ||
| 942 | _n0 | ||
| 999 |
_c72074 _d72074 |
||